Journalism language and expression (Record no. 2854)
[ view plain ]
| 000 -LEADER | |
|---|---|
| fixed length control field | 00284nam a22001217a 4500 |
| 020 ## - INTERNATIONAL STANDARD BOOK NUMBER | |
| International Standard Book Number | 9788178847962 |
| 082 ## - DEWEY DECIMAL CLASSIFICATION NUMBER | |
| Classification number | 302.23014 |
| 100 ## - MAIN ENTRY--PERSONAL NAME | |
| Personal name | J.David |
| 245 ## - TITLE STATEMENT | |
| Title | Journalism language and expression |
| 260 ## - PUBLICATION, DISTRIBUTION, ETC. | |
| Place of publication, distribution, etc. | New Delhi |
| Name of publisher, distributor, etc. | Cybertech publications |
| Date of publication, distribution, etc. | 2011 |
| 300 ## - PHYSICAL DESCRIPTION | |
| Extent | 288p |
| 942 ## - ADDED ENTRY ELEMENTS (KOHA) | |
| Koha item type | Book |
| Withdrawn status | Lost status | Damaged status | Not for loan | Collection code | Permanent Location | Current Location | Shelving location | Date acquired | Total Checkouts | Total Renewals | Full call number | Barcode | Date last seen | Price effective from | Koha item type |
|---|---|---|---|---|---|---|---|---|---|---|---|---|---|---|---|
| Central Library (CL) | Central Library (CL) | General Stacks | 03/22/2016 | 1 | 302.23014 DAV | S3H-S-112 | 02/23/2026 | 03/22/2016 | Book |
